The metamorphic technique : principles and practice

Bibliographic Details
Main Author: Saint-Pierre, Gaston
Other Authors: Boater, Debbie
Format: Book
Published: Great Britain : Element Books Limited , 1982
Subjects:

MARC

LEADER 00000cam a2200000 7i4500
001 0000009461
002 000010305
005 20000330.0
020 |a 0906540208 
090 0 0 |a 615.851   |b SAI 
100 1 |a Saint-Pierre, Gaston 
245 1 4 |a The metamorphic technique :   |b principles and practice   |c Gaston Saint-Pierre and Debbie Boater 
260 |a Great Britain :   |b Element Books Limited ,   |c 1982 
300 |a 124p. ;   |c 21cm. 
650 0 0 |a Alternative medicine 
650 0 0 |a Touch   |x Therapeutic use 
700 1 |a Boater, Debbie 
999 |a 042700   |b BUKU   |c PINJAMAN   |e PERPUSTAKAAN KOMUNITI PETALING JAYA